Southville International School and Colleges
Your cart is empty.
  • Cart
  • Lists
    Public lists Eva Luna New books Lux_list list_1
    Your lists Log in to create your own lists
  • Log in to your account
  • Your cookies
  • Search history
Southville International School and Colleges
  • Advanced search
  • Recent comments
  • Most popular
  • Libraries

Log in to your account

Log in with GOOGLE


If you do not have an external account, but do have a local account, you can still log in:

  1. Home
  2. MARC view: Environment law, pollution and management :
Normal view MARC view ISBD view

Environment law, pollution and management : (Record no. 24871)

[ view plain ]
MARC details
000 -LEADER
fixed length control field 00594nam a2200193 a 4500
005 - DATE AND TIME OF LATEST TRANSACTION
control field 20140310183546.0
008 - FIXED-LENGTH DATA ELEMENTS--GENERAL INFORMATION
fixed length control field 111010s19uu xx 00 eng d
020 ## - INTERNATIONAL STANDARD BOOK NUMBER
International Standard Book Number 9788190723626
050 ## - LIBRARY OF CONGRESS CALL NUMBER
Classification number KD 3372
Item number .M181 2009
100 ## - MAIN ENTRY--PERSONAL NAME
Personal name Madhavan, K.N.
245 ## - TITLE STATEMENT
Title Environment law, pollution and management :
Remainder of title with case studies /
Statement of responsibility, etc K.N. Madhavan.
260 ## - PUBLICATION, DISTRIBUTION, ETC. (IMPRINT)
Place of publication, distribution, etc New Delhi :
Name of publisher, distributor, etc A.K. Publications,
Date of publication, distribution, etc 2009.
300 ## - PHYSICAL DESCRIPTION
Extent 237 p. :
Dimensions 22 cm.
650 ## - SUBJECT ADDED ENTRY--TOPICAL TERM
Topical term or geographic name as entry element Environmental law
650 ## - SUBJECT ADDED ENTRY--TOPICAL TERM
Topical term or geographic name as entry element Environmental management
650 ## - SUBJECT ADDED ENTRY--TOPICAL TERM
Topical term or geographic name as entry element Pollution
General subdivision Law and legislation
942 ## - ADDED ENTRY ELEMENTS (KOHA)
Koha item type Books
Source of classification or shelving scheme Library of Congress Classification
Call number prefix Foreign
Holdings
Withdrawn status Lost status Source of classification or shelving scheme Damaged status Home library Current library Shelving location Date acquired Source of acquisition Total Checkouts Total Renewals Full call number Barcode Date last seen Date checked out Copy number Price effective from Koha item type
    Library of Congress Classification   College Library College Library General Circulation Section 10/10/2011 Donation 1 2 KD 3372 .M181 2009 C13593 03/14/2019 03/01/2019 1 10/18/2013 Books

Environment law, pollution and management :

APA

Madhavan K., . (2009). Environment law, pollution and management. New Delhi: A.K. Publications.

Chicago

Madhavan K.N, . 2009. Environment law, pollution and management. New Delhi: A.K. Publications.

Harvard

Madhavan K., . (2009). Environment law, pollution and management. New Delhi: A.K. Publications.

MLA

Madhavan K.N, . Environment law, pollution and management. New Delhi: A.K. Publications. 2009.

  • Place hold
  • Print
  • Cite
  • Add to your cart (remove)
  • Save record
    BIBTEX Dublin Core MARCXML MARC (non-Unicode/MARC-8) MARC (Unicode/UTF-8) MARC (Unicode/UTF-8, Standard) MODS (XML) RIS
  • More searches
    Search for this title in:
    Other Libraries (WorldCat) Other Databases (Google Scholar) Online Stores (Bookfinder.com) Open Library (openlibrary.org)

Exporting to Dublin Core...

SOUTHVILLE LIBRARY

Southville International School and Colleges Library

1281 Tropical Ave. Cor. Luxembourg St., BF Homes International, Las Pinas City

Tel. No. 8256374 / 252358 Loc. 117/146

Powered by Koha